Théâtre de la guerre entre les Russiens et les Turcs (Запись № 11457980)

Подробности
000 -МАРКЕР
контрольное поле 03875nem0a2200469 4500
001 - ИДЕНТИФИКАТОР ЗАПИСИ
контрольное поле RU\NLR\BIBL_A\012012464
005 - ИДЕНТИФИКАТОР ВЕРСИИ
контрольное поле 20260330193004.0
035 ## - ДРУГИЕ СИСТЕМНЫЕ НОМЕРА
Идентификатор записи (NLR Aleph) 012012464
100 ## - ДАННЫЕ ОБЩЕЙ ОБРАБОТКИ
Данные общей обработки 20190516d1771 m y0rusy50 ca
101 0# - ЯЗЫК РЕСУРСА
Язык текста, звукозаписи и т.д. французский
102 ## - СТРАНА ПУБЛИКАЦИИ ИЛИ ПРОИЗВОДСТВА
Страна публикации российская федерация
120 ## - ПОЛЕ КОДИРОВАННЫХ ДАННЫХ: КАРТОГРАФИЧЕСКИЕ МАТЕРИАЛЫ - ОБЩИЕ ХАРАКТЕРИСТИКИ
Кодированные данные о картографическом материале (общие) bayy xx||
123 1# - ПОЛЕ КОДИРОВАННЫХ ДАННЫХ: КАРТОГРАФИЧЕСКИЕ МАТЕРИАЛЫ - МАСШТАБ И КООРДИНАТЫ
Тип масштаба а
Постоянное отношение линейного горизонтального масштаба 4000000
135 ## - ПОЛЕ КОДИРОВАННЫХ ДАННЫХ: ЭЛЕКТРОННЫЕ РЕСУРСЫ
Кодированные данные для электронного ресурса crmn mmmanaba
200 1# - ЗАГЛАВИЕ И СВЕДЕНИЯ ОБ ОТВЕТСТВЕННОСТИ
Основное заглавие Théâtre de la guerre entre les Russiens et les Turcs
Общее обозначение материала Карты
Сведения, относящиеся к заглавию partie seconde
Первые сведения об ответственности publiée par C. M. Roth à St.Petersbourg. 1771
206 ## - ОБЛАСТЬ СПЕЦИФИЧЕСКИХ СВЕДЕНИЙ: КАРТОГРАФИЧЕСКИЕ МАТЕРИАЛЫ - МАТЕМАТИЧЕСКИЕ ДАННЫЕ
Сведения о математических данных [ок. 1:4 000 000, 92 версты в 1 дюйме (40 км в 1 см), граф. м-бы в вёрстах, во фр. лье, в нем. и польск. лье]
210 ## - ПУБЛИКАЦИЯ, РАСПРОСТРАНЕНИЕ И ДР.
Место издания, распространения и т.д. [Санкт-Петербург
Имя издателя, распространителя и т. д. Географический департамент Императорской Академии наук
Дата издания, распространения и т.д. 1771]
215 ## - ФИЗИЧЕСКАЯ ХАРАКТЕРИСТИКА
Специфическое обозначение материала и объем 1 к
Другие сведения о физической характеристике грав., раскраш. (границы, береговая линия, рамка), указ.
Размеры 50х91 (53х95) см
300 ## - ОБЩИЕ ПРИМЕЧАНИЯ
Текст примечания Вых. данные по месту службы Х. М. Рота.
316 ## - ПРИМЕЧАНИЯ ОБ ОСОБЕННОСТЯХ ЭКЗЕМПЛЯРА
Текст примечания Приплетено к изд.: Атлас Российский ... трудами Императорския Академии наук в Санктпетербурге. 1745. - [Санкт-Петербург : Императорская Академия наук, после 1762]. - Ч. II, стр. 36
Организация и экземпляр, к которому относится поле NLR
325 ## - ПРИМЕЧАНИЕ О КОПИИ
Текст примечания Копия доступна в Электрон. б-ке РНБ
327 1# - ПРИМЕЧАНИЯ О СОДЕРЖАНИИ
Текст примечания Доп. карта: Plan exact de l'action du 24 Juin 1770 arrivée entre la flotte de sa majesté impériale de toutes le Russies sous les ordres de son excellence le comte d'Orlow et celle des Turcs. Pour la gloire de la nation russe.-1:210 000
330 ## - РЕЗЮМЕ ИЛИ РЕФЕРАТ
Текст примечания Показаны юг Европы, Средиземное и Эгейское моря, где разворачивались действия Русско-турецкой войны 1768–1774 гг.
482 #0 - ПРИПЛЕТЕНО К
Встроенное поле 001RU\NLR\BIBL_A\011642028
-- 2001#$aАтлас Российский$bКарты$eсостоящий из девятнатцати специальных карт представляющих Всероссийскую империю с пограничными землями$fстаранием и трудами Императорския академии наук в Санктпетербурге 1745 года$eсочиненный по правилам географическим и новейшим обсервациям, с приложенною при том генеральною картою великия сея империи
-- 210##$a[Санкт-Петербург$cИмператорская Академия наук$dп. 1762]
509 01 - ЗАГОЛОВОК -СТРУКТУРИРОВАННОЕ ГЕОГРАФИЧЕСКОЕ ИЛИ ТЕМАТИЧЕСКОЕ НАИМЕНОВАНИЕ
Географическое / тематическое наименование – начальный элемент ввода Средиземноморье
Идентификатор авторитетной / нормативной записи RU\NLR\auth_crt\551722
606 1# - НАИМЕНОВАНИЕ ТЕМЫ КАК ПРЕДМЕТ
Наименование темы Русско-турецкая война
Хронологический подзаголовок 1735 - 1739
Формальный подзаголовок Карты
Код системы nlr_sh1
-- nlr_sh2
Идентификатор авторитетной/нормативной записи RU\NLR\AUTH\66223254
606 1# - НАИМЕНОВАНИЕ ТЕМЫ КАК ПРЕДМЕТ
Наименование темы Русско-турецкая война
Хронологический подзаголовок 1768 - 1774
Формальный подзаголовок Карты
Код системы nlr_sh1
-- nlr_sh2
Идентификатор авторитетной/нормативной записи RU\NLR\AUTH\66612652
608 ## - ФОРМА, ЖАНР, ФИЗИЧЕСКИЕ ХАРАКТЕРИСТИКИ ДОКУМЕНТА КАК ТОЧКА ДОСТУПА
Начальный элемент ввода Карты театров военных действий
Код системы nlr_sh2
Идентификатор авторитетной/нормативной записи RU\NLR\AUTH\6601635210
702 #1 - ИМЯ ЛИЦА - ВТОРИЧНАЯ ОТВЕТСТВЕННОСТЬ
Начальный элемент ввода Рот
Часть имени, кроме начального элемента ввода Х. М.
Даты 1720–1798
Расширение инициалов личного имени Христофор Мельхиор
Код отношения Издатель
712 02 - НАИМЕНОВАНИЕ ОРГАНИЗАЦИИ - ВТОРИЧНАЯ ОТВЕТСТВЕННОСТЬ
Начальный элемент ввода Географический департамент Императорской Академии наук
Идентифицирующий признак Санкт-Петербург
Код отношения Издатель
852 ## - МЕСТОНАХОЖДЕНИЕ И ШИФР ХРАНЕНИЯ
Идентификатор организации NLR
Наименование фонда или коллекции (Sub-Location Identifier) К
Шифр хранения (Call Number) 1-Росс 8/39 а
Идентификатор единицы 18542
856 #0 - МЕСТОНАХОЖДЕНИЕ ЭЛЕКТРОННЫХ РЕСУРОВ И ДОСТУП К НИМ
Универсальный идентификатор ресурса (Uniform Resource Identifier) https://vivaldi.nlr.ru/ca000070013/view/?#page=78
856 #1 - МЕСТОНАХОЖДЕНИЕ ЭЛЕКТРОННЫХ РЕСУРОВ И ДОСТУП К НИМ
Универсальный идентификатор ресурса (Uniform Resource Identifier) https://vivaldi.nlr.ru/ca000070013/cover
856 #2 - МЕСТОНАХОЖДЕНИЕ ЭЛЕКТРОННЫХ РЕСУРОВ И ДОСТУП К НИМ
Универсальный идентификатор ресурса (Uniform Resource Identifier) https://vivaldi.nlr.ru/ca000070013/text
942 ## - ДОПОЛНИТЕЛЬНЫЕ ЭЛЕМЕНТЫ ЗАПИСИ (АБИС)
Тип экземпляра АБИС Карта
980 ## - КОЛЛЕКЦИЯ
Название коллекции Национальная библиография
980 ## - КОЛЛЕКЦИЯ
Название коллекции
981 19 - КОЛЛЕКЦИЯ ЭЛЕКТРОННОЙ БИБЛИОТЕКИ
Название коллекции Картографические материалы

Нет доступных экземпляров.